000 00487nam a2200181Ia 4500
005 20250326142122.0
008 250326s9999 xx 000 0 und d
037 _aTextbook
040 _aFMSL
_beng
_cFMSL
041 _aeng
_2eng
084 _qFMSL
100 _aSchewe C D
_9741714
245 0 _aMarketing concepts and applications
_cSchewe C D; Smith R M
260 _aKogakusta
_bKogakusta, Mc Graw Hill
_c1980
300 _a687p
942 _cTB
999 _c1293524
_d1293524